02625cam a2200229I 450000500170000000800410001703500190005804000390007704100080011608200120012410000360013624202300017224501900040225000420059226000920063430000420072650005840076850509440135265000330229665000470232965000190237620140903175121.0790419s1630 fr fr 001 0 latsd a(OCoLC)4872561 aDGUbspacSandra YazodSandra Yazo0 alat04220a2821 aSuárez, Francisco,d1548-161700aObras sobre la Religión.cFrancisco SuareznTomo segundopIncluye el Tratado IV, sobre la oración, la devoción y las Horas Canónicas. El tratado V, sobre el juramento y los conjuros. El tratado VI, sobre el votoyspaq10aOperis de religionenTomus secunduspComplectens Tractatus IV. De oratione, devotione et Horis Canonicis. V. De iuramento et adiuratione. VI. De voto.cAuctore P.D. Francisco Suarez ... aEditio novissima [Última edición] aLugduni [Lyon] (Francia)bSumptibus Iacobi Cardon [A expensas de Santiago Cardon]c1630 a[6], 804, [39] páginasc35 x 23 cm. aDetalles físicos: Encuadernación rígida en cartón forrado en cuero. Lomo con nervaduras sobre costura y adornos en dorado. Rotura en el lomo. Guardas. Portada impresa en dos tintas con un marco decorativo de página entera. Dedicatoria al Obispo Martín Alonso de Melo. Licencias y permisos. Privilegio del Rey de Francia (París, 1609). Adornos, cenefas y mayúsculas capitales. Texto impreso en dos columnas, párrafos numerados y marcados con letras mayúsculas. Apostillas marginales. Signaturas. Reclamos. Cortes decorados con color rojo. Papel muy manchado. 0 aV.2: Tratado 4, La oración, la devoción y las Horas Canónicas ; La oración en general ; La oración mental ; La devoción ; La oración vocal en general ; La oración privada ; La oración pública de la Iglesia: las Horas Canónicas y la alabanza a Dios mediante el canto y la recitación de los salmos -- Tratado 5, El juramento y los conjuros ; Sobre el juramento en general ; El juramento asertorio ; El juramento promisorio ; Obligación derivada de éste ; Preceptos relacionados con los juramentos ; El perjurio y otros pecados contra aquél ; Sobre las interpelaciones solemnes (conjuros) -- Tratado 6, El voto ; Esencia y honestidad de los votos ; La materia del voto; distinción entre clases de votos, a partir de su materia ; Personas que pueden comprometerse mediante voto ; La obligación que genera el voto ; Pecados contra la fidelidad a los votos ; Anulación, conmutación y dispensa de los votos.  7aIglesia católicaxVirtudes 7aTeologíaxMoralxObras anteriores a 1800 7aVida religiosa